000 00434nam a2200181Ia 4500
005 20250423100612.0
008 250422s9999 xx 000 0 und d
020 _a8123910010
050 _aQR 53 .P67/
245 0 _aPrescott & Dunn's industrial microbiology
250 _a4th ed.
260 _aNew Delhi
260 _bCBS Publisher
260 _c2004
300 _a883 p
650 _aIndustrial microbiology.
942 _cBK
999 _c33800
_d33800